[Event "DEM U18w Oberhof"]
[Site "?"]
[Date "2013.05.22"]
[Round "6.2"]
[White "Spiegelberg, Silvia"]
[Black "Kuehnel, Lena"]
[Result "1-0"]
[WhiteElo "1926"]
[BlackElo "1933"]
[PlyCount "91"]
[EventDate "2013.??.??"]

1. e4 c5 2. Nf3 e6 3. d4 cxd4 4. Nxd4 Nf6 5. Bd3 Nc6 6. Nxc6 dxc6 7. Nd2 Qc7 8.
Nf3 e5 9. h3 Be7 10. O-O O-O 11. b3 Nd7 12. Bb2 f6 13. Bc4+ Kh8 14. Nh4 Nb6 15.
Bd3 Be6 16. Qh5 Bf7 17. Qg4 Qd7 18. Nf5 g6 19. Nxe7 Qxe7 20. f4 Nd7 21. Rf2
Rad8 22. Raf1 Be6 23. Qg3 Qc5 24. Kh1 Kg7 25. Qh4 exf4 26. Rxf4 g5 27. Qg3 h6
28. h4 a5 29. Bc4 Bxc4 30. bxc4 Kh7 31. hxg5 Qxg5 32. Qf2 Rg8 33. Rf5 Qg6 34.
Bxf6 Nxf6 35. Rxf6 Qg5 36. Rf5 Qg6 37. e5 Rd4 38. Rf7+ Kh8 39. Rf8 Rxc4 40.
Rxg8+ Qxg8 41. Qf6+ Kh7 42. Qe7+ Kg6 43. Rf3 Rg4 44. e6 Qg7 45. Qf7+ Kh7 46. e7
1-0

[Event "DEM U18w Oberhof"]
[Site "?"]
[Date "2013.05.22"]
[Round "6.3"]
[White "Schmalhorst, Sophia"]
[Black "Steimbach, Isabel"]
[Result "1/2-1/2"]
[WhiteElo "1925"]
[BlackElo "1753"]
[PlyCount "98"]
[EventDate "2013.??.??"]

1. d4 d5 2. Nf3 Nf6 3. c4 e6 4. Nc3 Be7 5. Bf4 O-O 6. e3 b6 7. cxd5 Nxd5 8.
Nxd5 Qxd5 9. Bxc7 Qa5+ 10. Nd2 Na6 11. Bg3 Bb7 12. f3 Bg5 13. Kf2 Qb4 14. Nc4
Rfc8 15. a3 Qe7 16. Nd6 Rc6 17. Nxb7 Qxb7 18. Bb5 Rcc8 19. Qa4 Nb8 20. Bxb8
Qxb8 21. Bc6 b5 22. Qa6 Qd6 23. Rac1 Rab8 24. Bb7 Rd8 25. Qxd6 Rxd6 26. Be4 f5
27. Bb1 f4 28. exf4 Bxf4 29. Rcd1 Rbd8 30. Ba2 Kf8 31. Rhe1 Rxd4 32. Rxd4 Rxd4
33. Bxe6 Rd2+ 34. Re2 Rxe2+ 35. Kxe2 Bc1 36. Bd7 Bxb2 37. Bxb5 Bxa3 38. Kd3 Ke7
39. g4 Kf6 40. Ke4 Kg5 41. Ke3 Bc5+ 42. Ke4 Kh4 43. Bf1 Bg1 44. h3 Kg3 45. g5
a5 46. f4 g6 47. f5 a4 48. fxg6 hxg6 49. Ke5 Be3 1/2-1/2

[Event "DEM U18w Oberhof"]
[Site "?"]
[Date "2013.05.22"]
[Round "6.4"]
[White "Zeller, Elisa"]
[Black "Schaefer, Ann-Kathrin"]
[Result "1-0"]
[WhiteElo "1896"]
[BlackElo "1698"]
[PlyCount "63"]
[EventDate "2013.??.??"]

1. e4 e6 2. d4 d5 3. Nc3 Nf6 4. e5 Nfd7 5. f4 c5 6. Nf3 Nc6 7. Be3 Be7 8. Qd2
O-O 9. Be2 c4 10. O-O f5 11. Kh1 Nb6 12. Nd1 Bd7 13. c3 Qc7 14. Nf2 Be8 15. Rg1
Kh8 16. g4 fxg4 17. Nxg4 Bg6 18. Rg3 Rf5 19. Rag1 Raf8 20. Nf2 Nd8 21. Nh3 Nf7
22. Bd1 Rh5 23. Nfg5 Nxg5 24. Nxg5 Rxg5 25. Rxg5 Be4+ 26. R5g2 Bxg2+ 27. Qxg2
Bh4 28. Qh3 Be7 29. Bc2 h6 30. Qxe6 Qd8 31. Qg6 Kg8 32. Qxg7# 1-0

[Event "DEM U18w Oberhof"]
[Site "?"]
[Date "2013.05.22"]
[Round "6.5"]
[White "Berger, Nadja"]
[Black "Schrader, Elanor"]
[Result "0-1"]
[WhiteElo "1789"]
[BlackElo "1738"]
[PlyCount "70"]
[EventDate "2013.??.??"]

1. e4 c5 2. Nc3 g6 3. d3 Nc6 4. Be3 Bg7 5. Bxc5 Qa5 6. Be3 Bxc3+ 7. bxc3 Qxc3+
8. Bd2 Qa3 9. Be2 Nd4 10. Nf3 Nxe2 11. Qxe2 Qb2 12. O-O Qxc2 13. Rfc1 Qa4 14.
Rc4 Qa6 15. e5 b5 16. Rf4 Nh6 17. Ng5 Bb7 18. Bb4 Qc6 19. Ne4 Nf5 20. Re1 O-O
21. Qg4 a5 22. Bc3 Ng7 23. Qh3 Qe6 24. Qh6 Bxe4 25. Rexe4 Nf5 26. Qg5 b4 27.
Be1 h6 28. Qg4 Ng7 29. Qe2 Rac8 30. Rf3 Rc6 31. d4 Qc4 32. Qd2 Nf5 33. Ref4 Qc2
34. Rd3 a4 35. h3 Rb8 0-1

[Event "DEM U18w Oberhof"]
[Site "?"]
[Date "2013.05.22"]
[Round "6.6"]
[White "Tran, My Linh"]
[Black "Liez, Franziska"]
[Result "1-0"]
[WhiteElo "2085"]
[BlackElo "1844"]
[PlyCount "91"]
[EventDate "2013.??.??"]

1. e4 e5 2. Nf3 Nc6 3. Bc4 Nf6 4. d3 Bc5 5. c3 O-O 6. O-O d6 7. b4 Bb6 8. Nbd2
a6 9. Bb3 Be6 10. Bxe6 fxe6 11. Nc4 Ba7 12. Qb3 Qe7 13. a4 Nd7 14. Ne3 h6 15.
Nf5 Qf7 16. Ng3 Kh8 17. Ra2 Nf6 18. Be3 Bxe3 19. fxe3 Qe8 20. Rfa1 Ng4 21. Nf1
a5 22. h3 Nf6 23. b5 Na7 24. b6 cxb6 25. Qxb6 Nc6 26. N1d2 Qd7 27. Nc4 Ra6 28.
Qb5 Rb8 29. Rb1 Qe7 30. Qb2 Nd8 31. Qa3 Nd7 32. Rab2 Nc5 33. Rd2 Qd7 34. Rb5
Nc6 35. Nfxe5 Nxe5 36. Nxe5 Qe8 37. Nc4 Qd7 38. e5 b6 39. Nxd6 Nb7 40. e4 Nd8
41. Rf2 Kg8 42. d4 Qc6 43. d5 Qd7 44. c4 Qe7 45. Qe3 Qc7 46. Rfb2 1-0

[Event "DEM U18w Oberhof"]
[Site "?"]
[Date "2013.05.22"]
[Round "6.7"]
[White "Stolcz, Bianca"]
[Black "Winterholler, Christina"]
[Result "0-1"]
[WhiteElo "1697"]
[BlackElo "1891"]
[PlyCount "104"]
[EventDate "2013.??.??"]

1. e4 e5 2. Nf3 d6 3. Bb5+ c6 4. Be2 Nf6 5. Nc3 Be7 6. d4 exd4 7. Nxd4 O-O 8.
O-O Re8 9. Nb3 Bf8 10. Bd3 b5 11. a3 a6 12. Bg5 Nbd7 13. Kh1 c5 14. Nd2 Bb7 15.
Nd5 c4 16. Bxf6 Nxf6 17. Be2 Nxd5 18. exd5 Bxd5 19. Bf3 Bxf3 20. Qxf3 Qe7 21.
h3 Qe2 22. Qc3 Qe5 23. Qxe5 dxe5 24. Rfe1 Rad8 25. Ne4 f5 26. Ng3 Rd2 27. Nxf5
Rxc2 28. Rab1 Rxf2 29. Ne3 Bc5 30. Ng4 Rf5 31. Re4 h5 32. Nh2 Rf4 33. Rbe1 Rxe4
34. Rxe4 Kf7 35. Nf3 Kf6 36. g4 hxg4 37. hxg4 Bd6 38. Kg2 Rc8 39. Re3 Rc5 40.
Kf1 Rd5 41. Ke2 Bc5 42. Re4 Bd4 43. Nxd4 Rxd4 44. Ke3 Rxe4+ 45. Kxe4 Kg5 46.
Kxe5 Kxg4 47. Kd5 Kf4 48. Kc6 g5 49. Kb6 g4 50. Kxa6 g3 51. Kxb5 g2 52. Kxc4
g1=Q 0-1

[Event "DEM U18w Oberhof"]
[Site "?"]
[Date "2013.05.22"]
[Round "6.8"]
[White "Puffay, Jana"]
[Black "Kostre, Margarita"]
[Result "0-1"]
[WhiteElo "1498"]
[BlackElo "1723"]
[PlyCount "48"]
[EventDate "2013.??.??"]

1. e4 e5 2. Nf3 Nc6 3. Bc4 Nf6 4. d3 Be7 5. O-O O-O 6. c3 Na5 7. Bb5 a6 8. Ba4
b5 9. Bc2 d6 10. Nbd2 c5 11. Re1 Re8 12. Nf1 Bf8 13. d4 cxd4 14. cxd4 Bg4 15.
h3 Bxf3 16. Qxf3 Nc6 17. dxe5 Nd4 18. Qd3 dxe5 19. Be3 Bc5 20. Nd2 Rc8 21. Bxd4
Bxd4 22. Rab1 Qb6 23. Re2 Red8 24. Qb3 Bxf2+ 0-1

[Event "DEM U18w Oberhof"]
[Site "?"]
[Date "2013.05.22"]
[Round "6.9"]
[White "Schaetz, Bianca"]
[Black "Tettmann, Ann-Kathrin"]
[Result "1-0"]
[WhiteElo "1846"]
[BlackElo "1871"]
[PlyCount "97"]
[EventDate "2013.??.??"]

1. e4 c5 2. d4 cxd4 3. c3 d3 4. Bxd3 Nc6 5. Nf3 d6 6. O-O Nf6 7. Nbd2 a6 8. Nd4
Qc7 9. Kh1 b5 10. f3 Ne5 11. Be2 Bb7 12. a4 Nc4 13. N2b3 bxa4 14. Rxa4 Nb6 15.
Ra1 e6 16. Na5 Be7 17. Nxb7 Qxb7 18. Qd3 O-O 19. Rxa6 Rxa6 20. Qxa6 Qxa6 21.
Bxa6 Ra8 22. Bd3 d5 23. exd5 Nfxd5 24. Nc6 Bc5 25. c4 Ne3 26. Bxe3 Bxe3 27. Rd1
Kf8 28. b4 Rc8 29. Na5 Na4 30. Bf1 Bb6 31. Ra1 Nb2 32. c5 Bc7 33. Nc4 Nxc4 34.
Bxc4 Be5 35. Rb1 Bc3 36. Ba6 Rb8 37. b5 Bd4 38. Rc1 Be3 39. Rc3 Rd8 40. g3 Rd1+
41. Kg2 Rd2+ 42. Kf1 Rf2+ 43. Ke1 Bd2+ 44. Kxf2 Bxc3 45. Ke3 Be5 46. b6 Ke7 47.
c6 Bd6 48. c7 Bxc7 49. bxc7 1-0

[Event "DEM U18w Oberhof"]
[Site "?"]
[Date "2013.05.22"]
[Round "6.10"]
[White "Spieker, Christine"]
[Black "Halas, Julia"]
[Result "1/2-1/2"]
[WhiteElo "1689"]
[BlackElo "1576"]
[PlyCount "69"]
[EventDate "2013.??.??"]

1. d4 d5 2. c4 e6 3. Nf3 Nf6 4. g3 c6 5. Bg2 Be7 6. O-O O-O 7. Nc3 Nbd7 8. b3
Re8 9. Bf4 dxc4 10. bxc4 Nb6 11. Qb3 Nh5 12. Ne4 Nxf4 13. gxf4 Qc7 14. e3 c5
15. Rac1 cxd4 16. Nxd4 e5 17. Nb5 Qb8 18. fxe5 Qxe5 19. Nxa7 Rxa7 20. Qxb6 Rxa2
21. Qb5 Qxb5 22. cxb5 Rb2 23. Rb1 Rxb1 24. Rxb1 b6 25. Rd1 Rd8 26. Rc1 Be6 27.
Ng3 Bc5 28. Bc6 Rd3 29. Ne4 Be7 30. Kf1 Bd5 31. Ke2 Bxe4 32. Bxe4 Rd8 33. Rc7
Bd6 34. Rb7 Bc5 35. Bc6 1/2-1/2

[Event "DEM U18w Oberhof"]
[Site "?"]
[Date "2013.05.22"]
[Round "6.11"]
[White "Wulf, Constanze"]
[Black "Tobianski, Karina"]
[Result "1-0"]
[WhiteElo "1675"]
[BlackElo "1498"]
[PlyCount "79"]
[EventDate "2013.??.??"]

1. d4 d5 2. c4 e6 3. Nc3 c6 4. e3 f5 5. Bd3 Nf6 6. Qc2 Be7 7. Nge2 O-O 8. f3
Bd7 9. Bd2 Na6 10. a3 Nc7 11. O-O Nce8 12. Rae1 Rc8 13. c5 b6 14. b4 b5 15. e4
fxe4 16. fxe4 dxe4 17. Nxe4 Nxe4 18. Bxe4 Nf6 19. Nf4 Re8 20. Bf3 Bf8 21. Qb3
Nd5 22. Re5 g6 23. Bg4 Bg7 24. Bxe6+ Bxe6 25. Rxe6 Bxd4+ 26. Kh1 Bg7 27. Rxe8+
Qxe8 28. Nxd5 cxd5 29. Qxd5+ Kh8 30. Re1 Qf8 31. Qe6 Rd8 32. Qe3 Rd7 33. Bc3
Rf7 34. Bxg7+ Kxg7 35. Qe5+ Kg8 36. Qe6 Kg7 37. Qe5+ Kg8 38. Qe2 a6 39. h3 Rf2
40. Qe6+ 1-0

[Event "DEM U18w Oberhof"]
[Site "?"]
[Date "2013.05.22"]
[Round "6.12"]
[White "Tran, Kim Thuy-Vy"]
[Black "Lehmann, Patricia"]
[Result "0-1"]
[WhiteElo "763"]
[BlackElo "1637"]
[PlyCount "60"]
[EventDate "2013.??.??"]

1. e4 c5 2. Nc3 e6 3. Bc4 d6 4. Nf3 a6 5. a4 Nc6 6. O-O Nf6 7. d4 cxd4 8. Nxd4
Be7 9. Nf3 O-O 10. h3 Qc7 11. Re1 Rd8 12. Qe2 Bd7 13. e5 dxe5 14. Nxe5 Nxe5 15.
Qxe5 Qxc4 16. Re3 Qc5 17. Qg3 Bd6 18. f4 Bc6 19. Kh2 Nh5 20. Qf2 Bxf4+ 21. Kg1
Bxe3 22. Bxe3 Qe7 23. g4 Nf6 24. Qh4 Qb4 25. Bc1 Ne4 26. Ra3 Nxc3 27. Rxc3 Rd1+
28. Kh2 Rxc1 29. Rd3 Qf4+ 30. Rg3 Rh1# 0-1

[Event "DEM U18w Oberhof"]
[Site "?"]
[Date "2013.05.23"]
[Round "7.1"]
[White "Spiegelberg, Silvia"]
[Black "Duessler, Stefanie"]
[Result "0-1"]
[WhiteElo "1926"]
[BlackElo "2019"]
[PlyCount "76"]
[EventDate "2013.??.??"]

1. b3 d5 2. Bb2 c5 3. e3 Nc6 4. Bb5 e6 5. f4 Nge7 6. Nf3 a6 7. Bxc6+ Nxc6 8.
O-O Qc7 9. d3 f6 10. Nbd2 Bd6 11. c4 O-O 12. Qe2 d4 13. Ne4 dxe3 14. Qxe3 Nb4
15. Ne1 b6 16. Qg3 Kh8 17. Qh4 Kg8 18. Rf3 e5 19. Nxd6 Qxd6 20. fxe5 fxe5 21.
Qe4 Ra7 22. Bxe5 Qd8 23. Rg3 Bf5 24. Qe3 Re7 25. Qg5 Bg6 26. Bc3 Ref7 27. Nf3
Qxd3 28. Bxb4 Rxf3 29. Rxf3 Qd4+ 30. Qe3 Qxa1+ 31. Be1 Re8 32. Qf4 Rxe1+ 33.
Kf2 Rf1+ 34. Kg3 Rxf3+ 35. gxf3 Qe1+ 36. Kh3 Qe6+ 37. Kg3 h6 38. a3 Bd3 0-1

[Event "DEM U18w Oberhof"]
[Site "?"]
[Date "2013.05.23"]
[Round "7.2"]
[White "Kuckling, Hannah"]
[Black "Zeller, Elisa"]
[Result "1-0"]
[WhiteElo "1909"]
[BlackElo "1896"]
[PlyCount "85"]
[EventDate "2013.??.??"]

1. e4 e6 2. d4 d5 3. Nd2 Nf6 4. e5 Nfd7 5. Bd3 c5 6. c3 Nc6 7. Ne2 cxd4 8. cxd4
Qb6 9. Nf3 Bb4+ 10. Bd2 Bxd2+ 11. Qxd2 Qb4 12. Rc1 Nb6 13. a3 Qxd2+ 14. Nxd2
Bd7 15. Nb3 Na4 16. Rc2 a6 17. Kd2 Ke7 18. Rhc1 Rhc8 19. Ke3 h6 20. Nc3 Nxc3
21. Rxc3 f6 22. f4 Nd8 23. Rxc8 Rxc8 24. Rxc8 Bxc8 25. Nc5 g5 26. g3 gxf4+ 27.
gxf4 f5 28. b4 Bd7 29. a4 Be8 30. Be2 b6 31. Nxa6 Bxa4 32. b5 Nb7 33. Kd2 Na5
34. Kc3 Bb3 35. Nc7 Bc4 36. Bh5 Kd7 37. Na8 Bxb5 38. Nxb6+ Kc7 39. Na8+ Kb7 40.
Kb4 Bd7 41. Kxa5 Kxa8 42. Kb6 Kb8 43. Be2 1-0

[Event "DEM U18w Oberhof"]
[Site "?"]
[Date "2013.05.23"]
[Round "7.3"]
[White "Schrader, Elanor"]
[Black "Tran, My Linh"]
[Result "0-1"]
[WhiteElo "1738"]
[BlackElo "2085"]
[PlyCount "94"]
[EventDate "2013.??.??"]

1. e4 e5 2. Nf3 Nc6 3. Bb5 a6 4. Ba4 Nf6 5. O-O b5 6. Bb3 Bb7 7. Re1 Bc5 8. c3
d6 9. d4 Bb6 10. Bg5 h6 11. Bh4 Qd7 12. dxe5 Nxe5 13. Nxe5 dxe5 14. Bxf6 Qxd1
15. Rxd1 gxf6 16. Nd2 Ke7 17. Re1 Rag8 18. Nf1 f5 19. Ng3 fxe4 20. Nxe4 f5 21.
Bxg8 Rxg8 22. Ng3 Ke6 23. Kf1 h5 24. f3 h4 25. Ne2 Kf6 26. h3 e4 27. fxe4 fxe4
28. Nd4 Rg3 29. Re2 Bd5 30. Rf2+ Kg6 31. Rf4 Bc4+ 32. Kg1 e3 33. Rg4+ Rxg4 34.
hxg4 Kg5 35. Nf3+ Kxg4 36. Ne5+ Kf4 37. Nxc4 bxc4 38. Kf1 Kg3 39. Re1 Bc5 40.
Re2 Kf4 41. Ke1 Ke4 42. Rc2 Kd3 43. Re2 Bd6 44. Kd1 Bg3 45. Rc2 Be1 46. b3 Bd2
47. bxc4 e2# 0-1

[Event "DEM U18w Oberhof"]
[Site "?"]
[Date "2013.05.23"]
[Round "7.5"]
[White "Kuehnel, Lena"]
[Black "Steimbach, Isabel"]
[Result "1-0"]
[WhiteElo "1933"]
[BlackElo "1753"]
[PlyCount "100"]
[EventDate "2013.??.??"]

1. e4 e5 2. Nf3 d6 3. d4 exd4 4. Nxd4 Nf6 5. Nc3 Be7 6. Bf4 O-O 7. Qd2 c6 8. f3
b5 9. O-O-O b4 10. Nce2 c5 11. Nf5 Bxf5 12. exf5 d5 13. g4 d4 14. g5 Nd5 15. f6
gxf6 16. gxf6 Bxf6 17. Rg1+ Kh8 18. Bh6 Rg8 19. Bh3 Nc6 20. Rxg8+ Kxg8 21. Nf4
Nxf4 22. Qxf4 Ne5 23. Qg3+ Kh8 24. f4 Ng6 25. f5 Be5 26. Qf3 Ne7 27. Rg1 Ng8
28. Bg5 f6 29. Bd2 Bxh2 30. Rh1 Be5 31. Bg2 Rc8 32. Qh5 Rc7 33. Bf1 Qd5 34. b3
Rg7 35. Bc4 Qd8 36. Be6 Qc7 37. Kd1 Qe7 38. Bc4 Rg3 39. Bf7 Rg7 40. Be6 Qb7 41.
Kc1 Bg3 42. Rh3 Bf2 43. Kb2 Qa6 44. Rh1 Qb7 45. Rh3 Rg1 46. Bf7 Nh6 47. Bxh6
Qa6 48. a4 Qf1 49. Bg7+ Rxg7 50. Be6 Be1 1-0

[Event "DEM U18w Oberhof"]
[Site "?"]
[Date "2013.05.23"]
[Round "7.6"]
[White "Kostre, Margarita"]
[Black "Berger, Nadja"]
[Result "1/2-1/2"]
[WhiteElo "1723"]
[BlackElo "1789"]
[PlyCount "83"]
[EventDate "2013.??.??"]

1. e4 e6 2. d4 d5 3. exd5 exd5 4. Nf3 Bg4 5. Bd3 Nf6 6. O-O Be7 7. Be3 O-O 8.
Nbd2 Nbd7 9. c3 c6 10. Qc2 Qc7 11. h3 Bh5 12. Rfe1 Bd6 13. b3 Bg6 14. c4 Rfe8
15. Rac1 Qa5 16. c5 Bf8 17. b4 Qc7 18. a4 Bxd3 19. Qxd3 Ne4 20. Ng5 Ndf6 21.
Ngxe4 dxe4 22. Qc2 h6 23. Nc4 Nd5 24. Qb3 Rad8 25. Ne5 g6 26. Bd2 Bg7 27. Nc4
Kh7 28. Nd6 Rxd6 29. cxd6 Qxd6 30. Rc4 Nb6 31. Rcc1 Qxd4 32. Bc3 Qd7 33. Bxg7
Kxg7 34. Rcd1 Qe7 35. Qc3+ Kh7 36. Qb3 Nd7 37. Rd4 Nf6 38. Qc4 Kg7 39. Qc3 Kh7
40. Qc4 Kg7 41. Qc3 Kh7 42. Qc4 1/2-1/2

[Event "DEM U18w Oberhof"]
[Site "?"]
[Date "2013.05.23"]
[Round "7.7"]
[White "Schaefer, Ann-Kathrin"]
[Black "Schaetz, Bianca"]
[Result "0-1"]
[WhiteElo "1698"]
[BlackElo "1846"]
[PlyCount "72"]
[EventDate "2013.??.??"]

1. d4 d5 2. c4 c6 3. Qc2 Nf6 4. g3 e6 5. Bg2 Bd6 6. Nf3 Nbd7 7. Nbd2 O-O 8. O-O
e5 9. cxd5 cxd5 10. dxe5 Nxe5 11. Rd1 Nc6 12. Nf1 Be6 13. Qa4 Qb6 14. b3 Ne4
15. Be3 Qd8 16. Rdc1 Bd7 17. Qb5 Ba3 18. Re1 Nb4 19. Qxb7 Nd6 20. Qxa8 Qxa8 21.
Bc5 Nc2 22. Bxa3 Nxa3 23. Ne3 Nf5 24. Nxf5 Bxf5 25. Nd4 Be4 26. Rac1 Bxg2 27.
Kxg2 Rc8 28. Red1 g6 29. e3 a6 30. Kg1 Nb5 31. Rxc8+ Qxc8 32. Nxb5 axb5 33.
Rxd5 Qc1+ 34. Kg2 Qc6 35. e4 f5 36. f3 Qc2+ 0-1

[Event "DEM U18w Oberhof"]
[Site "?"]
[Date "2013.05.23"]
[Round "7.8"]
[White "Halas, Julia"]
[Black "Puffay, Jana"]
[Result "1-0"]
[WhiteElo "1576"]
[BlackElo "1498"]
[PlyCount "64"]
[EventDate "2013.??.??"]

1. d4 d5 2. c4 Nc6 3. Nf3 Nf6 4. Nc3 e6 5. Bg5 Be7 6. e3 O-O 7. a3 a6 8. cxd5
exd5 9. Qc2 h6 10. Bh4 Be6 11. Bd3 Nd7 12. Bxe7 Qxe7 13. O-O Nf6 14. Rac1 Rfc8
15. Qd2 Qd6 16. Qc2 Bg4 17. Ne2 Bxf3 18. gxf3 Qd7 19. Bf5 Qe7 20. Bxc8 Rxc8 21.
Qf5 Rd8 22. Ng3 Rd7 23. Kh1 Qd6 24. Rg1 Ne7 25. Qc2 c6 26. Qc5 Qe6 27. Ne2 Qh3
28. Rg3 Qh4 29. Nf4 Nf5 30. Rg2 g5 31. Kg1 Rd8 32. Qc2 Ng7 1-0

[Event "DEM U18w Oberhof"]
[Site "?"]
[Date "2013.05.23"]
[Round "7.9"]
[White "Lehmann, Patricia"]
[Black "Wulf, Constanze"]
[Result "1/2-1/2"]
[WhiteElo "1637"]
[BlackElo "1675"]
[PlyCount "117"]
[EventDate "2013.??.??"]

1. d4 d5 2. c4 c6 3. Nf3 Nf6 4. Nc3 dxc4 5. a4 Bf5 6. e3 e6 7. Bxc4 Bb4 8. O-O
O-O 9. Bd2 Nbd7 10. Qe2 Bg6 11. Bd3 Re8 12. Bxg6 hxg6 13. Rfd1 Qc7 14. Na2 Be7
15. Rac1 Qb6 16. b4 Ne4 17. Be1 Bd6 18. Nd2 Nxd2 19. Qxd2 Nf6 20. Qd3 e5 21. b5
cxb5 22. dxe5 Bxe5 23. Qxb5 Qxb5 24. axb5 Rac8 25. Bc3 Bxc3 26. Rxc3 Rxc3 27.
Nxc3 Rc8 28. Ne2 Kf8 29. Ra1 Ra8 30. Nd4 Nd5 31. Kf1 Ke7 32. Ke2 a5 33. bxa6
Rxa6 34. Rxa6 bxa6 35. Kd3 Kd6 36. Kc4 Nf6 37. f3 Nd5 38. Nc2 Kc6 39. Nb4+ Nxb4
40. Kxb4 Kd5 41. g3 f6 42. Kc3 a5 43. e4+ Kc5 44. f4 a4 45. e5 fxe5 46. fxe5 a3
47. e6 Kd6 48. e7 Kxe7 49. Kb3 a2 50. Kxa2 Kf6 51. Kb3 Kf5 52. Kc2 Ke4 53. Kd2
Kf3 54. Kd3 g5 55. Kd4 Kg2 56. Ke5 Kxh2 57. Kf5 Kxg3 58. Kxg5 g6 59. Kxg6
1/2-1/2

[Event "DEM U18w Oberhof"]
[Site "?"]
[Date "2013.05.23"]
[Round "7.10"]
[White "Tettmann, Ann-Kathrin"]
[Black "Stolcz, Bianca"]
[Result "0-1"]
[WhiteElo "1871"]
[BlackElo "1697"]
[PlyCount "46"]
[EventDate "2013.??.??"]

1. c4 e6 2. g3 d5 3. Bg2 Nf6 4. d4 c5 5. cxd5 exd5 6. dxc5 Bxc5 7. Bg5 Bxf2+ 8.
Kf1 Bxg1 9. Rxg1 O-O 10. Nc3 h6 11. Bxf6 Qxf6+ 12. Ke1 Qb6 13. Rf1 Be6 14. Bxd5
Rd8 15. e4 Qxb2 16. Rc1 Nc6 17. Rc2 Qb4 18. Qh5 Nd4 19. Rc1 Qb2 20. Qd1 Rac8
21. Rf2 Qb4 22. Bxe6 fxe6 23. Qd3 Nb3 0-1

[Event "DEM U18w Oberhof"]
[Site "?"]
[Date "2013.05.23"]
[Round "7.11"]
[White "Tobianski, Karina"]
[Black "Spieker, Christine"]
[Result "1-0"]
[WhiteElo "1498"]
[BlackElo "1689"]
[PlyCount "67"]
[EventDate "2013.??.??"]

1. e4 c5 2. c3 g6 3. d4 cxd4 4. cxd4 d5 5. e5 Bg7 6. f4 Nh6 7. Nf3 Bg4 8. Bb5+
Nd7 9. Nbd2 Bxf3 10. Qxf3 a6 11. Ba4 e6 12. Bxd7+ Qxd7 13. O-O O-O 14. Nb3 f6
15. Qd3 fxe5 16. fxe5 Rxf1+ 17. Qxf1 Rf8 18. Qe2 Nf5 19. Bd2 Qc6 20. Rc1 Qa4
21. Qd3 Qd7 22. Nc5 Qe7 23. a3 Rc8 24. Bb4 a5 25. Bxa5 Bxe5 26. Bc3 Bd6 27. Nb3
Qg5 28. Bd2 Qg4 29. Rxc8+ Kg7 30. Qf3 Qh4 31. h3 Nxd4 32. Nxd4 Qxd4+ 33. Qe3
Qxb2 34. Bc3+ 1-0

[Event "DEM U18w Oberhof"]
[Site "?"]
[Date "2013.05.23"]
[Round "7.12"]
[White "Liez, Franziska"]
[Black "Tran, Kim Thuy-Vy"]
[Result "1-0"]
[WhiteElo "1844"]
[BlackElo "763"]
[PlyCount "97"]
[EventDate "2013.??.??"]

1. e4 d5 2. exd5 Qxd5 3. Nc3 Qa5 4. d4 c6 5. Bd2 Qc7 6. Nf3 Bf5 7. Bc4 e6 8.
Bb3 Nf6 9. Qe2 Be7 10. h3 h5 11. O-O-O Nbd7 12. Nh4 g6 13. Nxf5 gxf5 14. Rhe1
O-O-O 15. Kb1 Bb4 16. Nb5 Qb6 17. Bxb4 cxb5 18. Be7 Rde8 19. Bxf6 Nxf6 20. c3
Re7 21. Qe5 Rh6 22. Bc2 Nd7 23. Qg7 Rg6 24. Qh8+ Qd8 25. Qxh5 Rxg2 26. Qf3 Rg5
27. Qe2 a6 28. f4 Rg8 29. Bxf5 exf5 30. Qxe7 Qxe7 31. Rxe7 Rf8 32. Rde1 Nf6 33.
R7e5 Kd8 34. Rxf5 Ne8 35. Rd5+ Kc7 36. Re7+ Kb6 37. Rd8 Rg8 38. Rdxe8 Rg1+ 39.
Re1 Rg3 40. R8e3 Rg6 41. h4 Rg4 42. Rh1 Rxf4 43. h5 Rg4 44. Rf3 Rg7 45. h6 Rh7
46. Rf6+ Ka5 47. Rg1 b4 48. Rg5+ Ka4 49. b3+ 1-0

[Event "DEM U18w Oberhof"]
[Site "?"]
[Date "2013.05.24"]
[Round "8.1"]
[White "Duessler, Stefanie"]
[Black "Kuehnel, Lena"]
[Result "1/2-1/2"]
[WhiteElo "2019"]
[BlackElo "1933"]
[PlyCount "119"]
[EventDate "2013.??.??"]

1. e4 e5 2. Nf3 Nc6 3. Bc4 Nf6 4. d3 Bc5 5. c3 d6 6. h3 a6 7. Bb3 Ba7 8. Nbd2
O-O 9. Nf1 d5 10. Ng3 dxe4 11. dxe4 Qxd1+ 12. Bxd1 h6 13. O-O Be6 14. Bc2 Kh7
15. Re1 Rad8 16. Be3 Bxe3 17. Rxe3 Rd6 18. Nf5 Rd7 19. Ree1 Rfd8 20. Ne3 Rd6
21. b3 g6 22. Kh2 Nd7 23. Rad1 Nc5 24. Rxd6 Rxd6 25. Rd1 Rxd1 26. Nxd1 f6 27.
Ne3 Ne7 28. Kg1 Kg7 29. Kf1 Nc8 30. b4 Nd7 31. Bb3 Bxb3 32. axb3 Nd6 33. Nd2
Nb5 34. Nd1 c5 35. bxc5 Nxc5 36. Ke2 Kf7 37. b4 Ne6 38. g3 f5 39. f3 h5 40. Nc4
Kf6 41. Nb6 fxe4 42. Nd5+ Kf7 43. fxe4 Ng5 44. Nf2 Ke6 45. Kd3 Kd6 46. h4 Ne6
47. Nd1 Nbc7 48. N1e3 b5 49. c4 Nd4 50. c5+ Kd7 51. Nb6+ Ke6 52. Ned5 Ne8 53.
Na8 Kd7 54. Nab6+ Ke6 55. Ne3 a5 56. bxa5 Nb3 57. Ned5 Nxc5+ 58. Ke3 Na6 59.
Nc8 Nd6 60. Ncb6 1/2-1/2

[Event "DEM U18w Oberhof"]
[Site "?"]
[Date "2013.05.24"]
[Round "8.2"]
[White "Winterholler, Christina"]
[Black "Kuckling, Hannah"]
[Result "0-1"]
[WhiteElo "1891"]
[BlackElo "1909"]
[PlyCount "102"]
[EventDate "2013.??.??"]

1. e4 c5 2. Nf3 e6 3. c4 Nc6 4. Nc3 Qc7 5. Be2 a6 6. O-O Nf6 7. a3 Be7 8. d4
cxd4 9. Nxd4 O-O 10. Be3 d6 11. Rc1 Ne5 12. f3 b6 13. Qd2 Bb7 14. Na4 Ned7 15.
b4 Rac8 16. Qe1 Rfe8 17. Qf2 Bd8 18. Rfd1 Qb8 19. g4 h6 20. h4 Bc7 21. Nc3 d5
22. exd5 exd5 23. Nf5 dxc4 24. g5 hxg5 25. hxg5 Re5 26. gxf6 Nxf6 27. Nd4 Rh5
28. Qg2 Bf4 29. Bxf4 Qxf4 30. Kf1 Rh2 31. Qg1 Nh5 32. Nf5 Bxf3 33. Ne7+ Kh7 34.
Qxh2 Qxh2 35. Bxf3 Ng3+ 36. Ke1 Re8 37. Ncd5 Nf5 38. Rxc4 Nxe7 39. Re4 Rd8 40.
Ne3 Qg3+ 41. Ke2 Rxd1 42. Nxd1 Nd5 43. Rd4 Nf4+ 44. Ke3 Ng2+ 45. Ke2 Qe1+ 46.
Kd3 Qf1+ 47. Ke4 f5+ 48. Kxf5 Qxf3+ 49. Ke5 Ne1 50. Kd6 Nc2 51. Rd5 Qxa3 0-1

[Event "DEM U18w Oberhof"]
[Site "?"]
[Date "2013.05.24"]
[Round "8.3"]
[White "Tran, My Linh"]
[Black "Spiegelberg, Silvia"]
[Result "0-1"]
[WhiteElo "2085"]
[BlackElo "1926"]
[PlyCount "80"]
[EventDate "2013.??.??"]

1. e4 c5 2. Nf3 d6 3. Nc3 Nf6 4. d3 a6 5. a4 Nc6 6. h3 e6 7. Be3 d5 8. exd5
exd5 9. d4 cxd4 10. Nxd4 Bb4 11. Bd3 O-O 12. O-O Ne5 13. Nce2 Bd6 14. Nf5 Bc7
15. c3 Nxd3 16. Qxd3 Ne4 17. Nfd4 Qf6 18. Rad1 Re8 19. Bc1 Nc5 20. Qc2 Bd7 21.
b3 Re7 22. Be3 Ne4 23. Qc1 Qg6 24. Kh1 Rae8 25. Bf4 Bb6 26. Bh2 Qf6 27. Qf4
Bxd4 28. cxd4 Qb6 29. Ng3 Qxb3 30. a5 Bb5 31. Rb1 Qc3 32. Rfd1 Qxa5 33. Nf5 Re6
34. Rb2 Nc3 35. Rc1 Re1+ 36. Rxe1 Rxe1+ 37. Bg1 Qa1 38. Rxb5 Rxg1+ 39. Kh2 Rh1+
40. Kg3 Ne2+ 0-1

[Event "DEM U18w Oberhof"]
[Site "?"]
[Date "2013.05.24"]
[Round "8.4"]
[White "Schaetz, Bianca"]
[Black "Schrader, Elanor"]
[Result "1/2-1/2"]
[WhiteElo "1846"]
[BlackElo "1738"]
[PlyCount "87"]
[EventDate "2013.??.??"]

1. e4 c5 2. Nf3 Nc6 3. d4 cxd4 4. Nxd4 g6 5. Nc3 Bg7 6. Be3 Nf6 7. Nxc6 bxc6 8.
e5 Nd5 9. Nxd5 cxd5 10. Qxd5 Rb8 11. Bd4 Qc7 12. O-O-O Bb7 13. Qc5 Qxc5 14.
Bxc5 Bxe5 15. Bd4 Bxd4 16. Rxd4 Bc6 17. h4 h5 18. Rh3 O-O 19. Ra3 e5 20. Rd6
Rb7 21. Ba6 Rb4 22. g3 Rfb8 23. b3 Kf8 24. Bc4 Ke7 25. Rd2 Ra8 26. Ra5 Kf6 27.
a3 Rb6 28. Bd5 a6 29. Bxc6 dxc6 30. Rc5 Ke6 31. Re2 f6 32. f4 Kd6 33. Rc4 Re8
34. Rce4 Rb5 35. R2e3 f5 36. Ra4 Rb6 37. fxe5+ Rxe5 38. Rxe5 Kxe5 39. Kd2 c5
40. Ke3 Re6 41. Ra5 Kd5+ 42. Kd3 Rd6 43. Ke3 Re6+ 44. Kd3 1/2-1/2